00749 a2200181 45000010006000000050017000060080041000230030015000640400040000790800159001192450024002782640027003023000019003295050170003480410008005181000020005267000021005466340120260407155931.0260407a1963 arg spa dAR-UNSa-BCEJYS aAR-UNSa-BCEJYSbspacAR-UNSa-BCEJYS a517.9xEcuaciones diferenciales. Ecuaciones integrales. Otras ecuaciones funcionales. Diferencias finitas. Cálculo de variaciones. Análisis funcional 10aDerivadas parciales 1aMadrid :bDossatc1963 a110 p.c22 cm. a1. Derivadas parciales – 2. Cambio de variables en derivadas parciales – 3. El teorema de Taylor y aplicaciones geométricas – 4. Máximos y mínimos –  aspa1 aGillespie, R.P.1 aLópez Gali, E.